Grant's dissector. (9th ed.) (Record no. 31562)

MARC details
000 -LEADER
fixed length control field 00738nam a2200205 a 4500
008 - FIXED-LENGTH DATA ELEMENTS--GENERAL INFORMATION
fixed length control field 111129s1984 ||||||||||||||||| || u
020 ## - INTERNATIONAL STANDARD BOOK NUMBER
International Standard Book Number 0683075608
050 ## - LIBRARY OF CONGRESS CALL NUMBER
Classification number QM 34.4 GRA
100 ## - MAIN ENTRY--PERSONAL NAME
Personal name Sauerland, Eberhardt K
245 10 - TITLE STATEMENT
Title Grant's dissector. (9th ed.)
250 ## - EDITION STATEMENT
Edition statement 9th ed.
260 ## - PUBLICATION, DISTRIBUTION, ETC.
Place of publication, distribution, etc. Baltimore:
Name of publisher, distributor, etc. Williams & Wilkins
Date of publication, distribution, etc. 1984
300 ## - PHYSICAL DESCRIPTION
Extent xi, 187p. : ill.
350 ## -
-- 0.00
650 #4 - SUBJECT ADDED ENTRY--TOPICAL TERM
Topical term or geographic name entry element ANATOMY, SURGICAL AND TOPOGRAPHICAL
650 ## - SUBJECT ADDED ENTRY--TOPICAL TERM
Topical term or geographic name entry element HUMAN DISSECTION
650 ## - SUBJECT ADDED ENTRY--TOPICAL TERM
Topical term or geographic name entry element MEDICINE
700 ## - ADDED ENTRY--PERSONAL NAME
Personal name Grant, J. C. Boileau, 1886-1973
995 ## -
-- MICHAEL CHILUFYA SATA OPEN ACCESS
-- 0.00
-- 901474
-- CBU-SCHOOL OF MEDICINE LIBRARY (Ndola)
-- 1
-- 0.00
-- QM 34.4 GRA
-- 1
-- AVAILABLE
-- Nov 29, 2011
-- 901474
-- Medical Library Open Access Collection
999 ## -
-- 31562
-- 31562
Holdings
Withdrawn status Lost status Source of classification or shelving scheme Damaged status Not for loan Permanent Location Current Location Shelving location Date acquired Total Checkouts Full call number Barcode Date last seen Price effective from Koha item type
          CBU-SCHOOL OF MEDICINE LIBRARY, NDOLA. CBU-SCHOOL OF MEDICINE LIBRARY, NDOLA.   11/30/2022   QM 34.4 GRA 901474 11/30/2022 11/30/2022 MONOGRAPH